Saya berasa sedih
| Main Author: | |
|---|---|
| Format: | Book |
| Published: |
P.Jaya :
Pan Earth ,
1995
|
| Series: | Anda dan emosi
|
| Subjects: |
MARC
| LEADER | 00000cam a2200000 7i4500 | ||
|---|---|---|---|
| 001 | 0000006200 | ||
| 002 | 000006691 | ||
| 005 | 20000330.0 | ||
| 020 | |a 9837503084 | ||
| 090 | 0 | 0 | |a JF |b MOS |
| 100 | 1 | |a Moses, Brian | |
| 245 | 1 | 0 | |a Saya berasa sedih |c Brian moses ; Nur Zaihani |
| 260 | |a P.Jaya : |b Pan Earth , |c 1995 | ||
| 300 | |a 32p. : |b ill ; |c 21cm. | ||
| 490 | 0 | |a Anda dan emosi | |
| 650 | 0 | 0 | |a Children's stories |
| 999 | |a 038591 |b BUKU |c PINJAMAN |e PERPUSTAKAAN KOMUNITI PETALING JAYA | ||
| 999 | |a 038592 |b BUKU |c JUNIOR FICTION |e PERPUSTAKAAN KOMUNITI PETALING JAYA | ||